| Tag |
First Indicator |
Second Indicator |
Subfields |
| LEADER |
00000cam a2200000 4500 |
| 001 |
in00000264921 |
| 005 |
20151010062042.0 |
| 008 |
790620s1914 oncf f00000 eng d |
| 035 |
|
|
|a (OCoLC)05085509
|
| 040 |
|
|
|a TXA
|c TXA
|d UtOrBLW
|
| 049 |
|
|
|a TXAM
|c [55291]
|
| 090 |
|
|
|a QH1
|b .C13 no. 2 pt. 2
|
| 100 |
1 |
|
|a Kindle, E. M.
|q (Edward Martin),
|d 1869-1940.
|
| 245 |
1 |
0 |
|a Columnar structure in limestone.
|
| 264 |
|
1 |
|a [Ottawa] :
|b [Govt. Print. Bureau],
|c 1914.
|
| 300 |
|
|
|a 10 pages :
|b 2 plates.
|
| 336 |
|
|
|a text
|b txt
|2 rdacontent
|
| 337 |
|
|
|a unmediated
|b n
|2 rdamedia
|
| 338 |
|
|
|a volume
|b nc
|2 rdacarrier
|
| 490 |
1 |
|
|a Canada. Geological Survey. Museum Bulletin no. 2, [pt.] 2. Geological series no. 14
|
| 500 |
|
|
|a Caption title.
|
| 650 |
|
0 |
|a Limestone.
|
| 830 |
|
0 |
|a Museum bulletin (Victoria Memorial Museum (Canada)) ;
|v no. 2, pt. 2.
|
| 830 |
|
0 |
|a Geological series (National Museum of Canada) ;
|v no. 14.
|
| 999 |
|
|
|a MARS
|
| 999 |
f |
f |
|s 93606631-acb9-381c-9402-46f9cca257dc
|i 34b09d0a-4250-3b27-a2f8-c06c59451e5c
|t 0
|
| 952 |
f |
f |
|p normal
|a Texas A&M University
|b College Station
|c Sterling C. Evans Library
|d Evans: Library Stacks
|t 0
|e QH1 .C13 no.1-4
|h Library of Congress classification
|i unmediated -- volume
|m A14804811311
|
| 952 |
f |
f |
|a Texas A&M University
|b College Station
|c Sterling C. Evans Library
|d Evans: Library Stacks
|t 0
|e QH1 .C13 no.1-4
|h Library of Congress classification
|
| 998 |
f |
f |
|a QH1 .C13 no.1-4
|t 0
|l Evans: Library Stacks
|